| 000 | 00576nam a2200193 a 4500 | ||
|---|---|---|---|
| 001 | 000576071 | ||
| 003 | AM-YeHGA | ||
| 005 | 20250618073405.0 | ||
| 008 | 080409s1890 ru |||||r|||||||||1|arm|d | ||
| 040 | _aAM-YeHGA | ||
| 041 | 1 |
_aarm _hfre |
|
| 100 | 1 |
_aԴօդէ, Ալֆօնս, _d1840-1897 |
|
| 245 | 1 | 0 |
_aՓոքրիկ լրտես / _cԱլֆօնս Դօդէ. |
| 260 |
_aՍ.-Պետերբուրգ : _bտպ. Ի.Ն. Սկօրոխօդով, _c1890. |
||
| 300 | _a20 էջ | ||
| 650 | 1 | 4 |
_aՖրանսիական գրականություն _94810 |
| 942 |
_2udc _cBK |
||
| 090 | _c232195 | ||
| 999 |
_c230641 _d230641 |
||